| 000 | 00937nam a22002297a 4500 | ||
|---|---|---|---|
| 005 | 20240311124940.0 | ||
| 008 | 130821s xx ao gr spa | ||
| 040 |
_aCo-BoUCM _bspa _cLuz Cupitra (modificó) _dLuz Cupitra (modificó) |
||
| 041 | 0 | 0 | _aspa |
| 092 | _aFMR 0212 | ||
| 100 | 1 |
_aHeinz Dirks _974644 |
|
| 245 | 1 | 0 |
_aLa psicología _cHeinz Dirks |
| 260 |
_a[Lugar desconocido] _b[Editorial desconocida] _c[fecha desconocida] |
||
| 300 |
_a376 páginas _bilustraciones, cuadros, fotografías |
||
| 490 | 0 |
_aEnciclopedia general de la ciencia _vno. 2 |
|
| 500 | _aTransferencia al Archivo Histórico en marzo de 2024. Investigación Emilio Quevedo, historiador de la medicina colombiana. | ||
| 650 | 0 | 4 |
_aAutorrealización (Psicología) _99836 |
| 650 | 0 | 4 |
_aPersonalidad e inteligencia _921417 |
| 650 | 0 | 4 |
_aPsicología individual _922844 |
| 650 | 0 | 4 |
_aPsicología _98001 |
| 942 |
_cLIBRO _a9 _e1 _2LOCAL _hFMR 0212 _mFMR 0212 |
||
| 999 |
_c67477 _d67477 |
||